000
00249nam a22000977a 4500
999
_c
533552
_d
533552
022
_a
2304-716X
245
_a
NED University Journal of Research /
_c
NED University of Engineering and Technology.
260
_a
Karachi:
300
_c
30cm.
942
_c
CR